Korean through english

Gorde:
Xehetasun bibliografikoak
Egile nagusia: Lee, Sang Oak (Egilea)
Formatua: Liburua
Hizkuntza:ingelesa
koreera
Argitaratua: Seúl Hollym Corporation 1998
Gaiak:
Etiketak: Etiketa erantsi
Etiketarik gabe, Izan zaitez lehena erregistro honi etiketa jartzen!

MARC

LEADER 00000nam a2200000 a 4500
001 UCP1918
003 CL-VaPUC
008 990430e19980000KO |||||||||||||||||eng|d
041 0 7 |a eng  |2 CL-VaPUC 
041 0 7 |a kor  |2 CL-VaPUC 
082 0 4 |a 495.7  |b LEE  |2 21 
100 0 |a Lee, Sang Oak  |e author  |9 428251 
245 1 0 |a Korean through english 
300 |a v 
942 |c BK 
945 |d 19990430 00:00:00  |a rbrito 
260 |a Seúl  |b Hollym Corporation  |c 1998 
500 |a Incluye c/vol. en forma separada cassettes 
650 7 |a COREANO  |2 CL-VaPUC  |9 411031 
650 7 |a ENSEÑANZA DEL COREANO  |2 CL-VaPUC  |9 420901 
650 0 |a Enseñanza de idiomas  |9 339820 
650 0 |a Comprensión   |9 339377 
650 0 |a Ejercicios de escritura  |9 346986 
583 |a last modification  |c 19990430 00:00:00  |k Rodrigo Vera 
999 |c 280547  |d 280545 
952 |0 0  |1 0  |4 0  |6 495_700000000000000_LEE_1998  |7 0  |8 A  |9 320892  |a BIBGIM  |b BIBGIM  |d 2019-11-20  |h v.1  |i 3520293  |o 495.7 LEE 1998  |p 3520293  |r 2025-01-15  |w 2019-11-20  |y BK  |k ORI 
952 |0 0  |1 0  |4 0  |6 495_700000000000000_LEE_1998  |7 0  |8 A  |9 320893  |a BIBGIM  |b BIBGIM  |d 2019-11-20  |h v.1  |i 3520307  |o 495.7 LEE 1998  |p 3520307  |r 2025-01-15  |w 2019-11-20  |y BK  |k ORI 
952 |0 0  |1 0  |4 0  |6 495_700000000000000_LEE_1998  |7 0  |8 A  |9 320894  |a BIBGIM  |b BIBGIM  |d 2019-11-20  |h v.2  |i 3520315  |o 495.7 LEE 1998  |p 3520315  |r 2025-01-15  |w 2019-11-20  |y BK  |k ORI 
952 |0 0  |1 0  |4 0  |6 495_700000000000000_LEE_1998  |7 0  |8 A  |9 320895  |a BIBGIM  |b BIBGIM  |d 2019-11-20  |h v.2  |i 3520323  |o 495.7 LEE 1998  |p 3520323  |r 2025-01-15  |w 2019-11-20  |y BK  |k ORI 
952 |0 0  |1 0  |4 0  |6 495_700000000000000_LEE_1998  |7 0  |8 A  |9 320896  |a BIBGIM  |b BIBGIM  |d 2019-11-20  |h v.3  |i 3520331  |o 495.7 LEE 1998  |p 3520331  |r 2025-01-15  |w 2019-11-20  |y BK  |k ORI 
952 |0 0  |1 0  |4 0  |6 495_700000000000000_LEE_1998  |7 0  |8 A  |9 320897  |a BIBGIM  |b BIBGIM  |d 2019-11-20  |h v.3  |i 352034K  |o 495.7 LEE 1998  |p 352034K  |r 2025-01-15  |w 2019-11-20  |y BK  |k ORI